000 007060000a22002290004500
020 _a0-8297-3911-4
041 0 _aSpa.
082 0 4 _aG 268.67 Y831t
245 1 0 _aBiblioteca de ídeas : teatro para refrescar tu ministerio / Trad. Gloria Vasquéz
250 _aed. Madeline Díaz
260 _aMiami : Vida
300 _a151 Pag.
440 0 _aEspecialidades Juveniles
500 _aTítulo original: Drama, skits & sketches
520 _aMelodramas espontáneos / Obras con un mensaje
650 1 4 _aTEATRO BIBLICO \ TEATRO - ASPECTOS MORALES
001 14886
942 _cBK
999 _c43705
_d43705
336 _atexto
_btxt
_2rdacontent
337 _2rdamedia
_asin mediación
_bn
338 _2rdacarrier
_avolumen
_bnc